| 000 | 00809 a2200217 4500 | ||
|---|---|---|---|
| 010 | _aENG-85665 | ||
| 020 | _c80.00 | ||
| 035 | _aEN-69198 | ||
| 037 | _bD.B.Act / Pub | ||
| 082 | 1 | 4 | _a336.24 |
| 090 |
_c3381 _d3381 |
||
| 100 | 1 | _aSatyaprasad, B. G. | |
| 245 | 1 |
_aIncom tax-II _bfor sixth semester, B.Com Banglore Universty _cby B. G. Satyaprasad, B. V. Harisha and B. V. Rudramurthy |
|
| 260 |
_aMumbai _bHimalaya Publishing House _c2007 |
||
| 270 |
_a"Ramdoot", Dr. Bhalerao Marg, Girgaon _bMumbai _e400 004 _k022-23860170, 022-23863863 _l022-23877178 _mhimpub@vsnl.net.in |
||
| 300 |
_a200 p. _c24 cm ( Pbk.) |
||
| 700 | 1 | _aHarisha, B. V. | |
| 700 | 1 | _aRudramurthy, B. V. | |
| 942 |
_adpl _cEN _k336.24 / SAT |
||
| 999 |
_c3314 _d3314 |
||